<?xml version="1.0" encoding="UTF-8"?>
<collection xmlns="http://www.loc.gov/MARC21/slim">
 <record>
  <leader>01212nam a22002055a 4500</leader>
  <controlfield tag="001">EEA.libagro005507</controlfield>
  <controlfield tag="008">130809s1996####ag#a##########000#0#spa#d</controlfield>
  <controlfield tag="005">20201012163126.0</controlfield>
  <datafield tag="245" ind1="1" ind2="0">
   <subfield code="a">Síntesis socioeconómica de las provincias argentinas /</subfield>
   <subfield code="c">Consejo Federal de Inversiones.</subfield>
  </datafield>
  <datafield tag="260" ind1=" " ind2=" ">
   <subfield code="a">Buenos Aires :</subfield>
   <subfield code="b">CFI,</subfield>
   <subfield code="c">1996.</subfield>
  </datafield>
  <datafield tag="300" ind1=" " ind2=" ">
   <subfield code="a">401 p. :</subfield>
   <subfield code="b">il. ;</subfield>
   <subfield code="c">20 cm.</subfield>
  </datafield>
  <datafield tag="520" ind1=" " ind2=" ">
   <subfield code="a">Se realiza una breve reseña informativa de las provincias argentinas, sobre los aspectos más representativos de la realidad de estas. Organización institucional, estructura demográfica, agricultura, ganadería, silvicultura, pesca, minería, actividad industrial, exportaciones, servicios financieros, transporte, medios de comunicación, energía, salud, educación y turismos. Los datos corresponden al primer semestre de 1994.</subfield>
  </datafield>
  <datafield tag="530" ind1=" " ind2=" ">
   <subfield code="a">Disponible también en línea.</subfield>
  </datafield>
  <datafield tag="020" ind1=" " ind2=" ">
   <subfield code="a">9509899895</subfield>
  </datafield>
  <datafield tag="710" ind1="2" ind2=" ">
   <subfield code="a">Consejo Federal de Inversiones (Argentina)</subfield>
  </datafield>
  <datafield tag="246" ind1="1" ind2=" ">
   <subfield code="a">Social and economic synthesis of the Argentine provinces</subfield>
  </datafield>
  <datafield tag="082" ind1="0" ind2="4">
   <subfield code="a">330.982</subfield>
  </datafield>
  <datafield tag="082" ind1="0" ind2="4">
   <subfield code="a">318.2</subfield>
  </datafield>
  <datafield tag="856" ind1="4" ind2="1">
   <subfield code="3">Acceso a texto completo</subfield>
   <subfield code="u">http://biblioteca.cfi.org.ar/wp-content/uploads/sites/2/1994/01/39246.pdf</subfield>
  </datafield>
  <datafield tag="859" ind1=" " ind2=" ">
   <subfield code="a">AR-BbBCA</subfield>
   <subfield code="b">BIB. AGRONOMIA</subfield>
   <subfield code="h">330.982</subfield>
   <subfield code="i">A691</subfield>
   <subfield code="p">1997/2821</subfield>
  </datafield>
 </record>
</collection>
